[Event "2nd LCT"]
[Site "Leiden NED"]
[Date "2008.07.13"]
[Round "3"]
[White "Van Ketel,R"]
[Black "Sandipan,C"]
[Result "0-1"]
[WhiteElo "2295"]
[BlackElo "2588"]

1.d4 d5 2.c4 c6 3.Nc3 Nf6 4.e3 e6 5.Nf3 Nbd7 6.Qc2 a6 7.Bd2 dxc4 8.Bxc4 b5
9.Bd3 Bb7 10.Ne4 c5 11.Nxc5 Nxc5 12.dxc5 Bxf3 13.gxf3 Qd5 14.b4 Qxf3 15.Rg1 Be7
16.Bc3 Rd8 17.Rd1 Qh3 18.Bf1 Rxd1+ 19.Qxd1 Qh4 20.Bg2 O-O 21.Bf3 e5 22.Qc2 Rd8
23.a3 e4 24.Be2 Qxh2 25.Rg3 Nh5 26.Bxh5 Qh1+ 27.Ke2 Qxh5+ 28.Ke1 Qh1+ 29.Ke2 Bh4
30.Rxg7+ Kf8 31.Rxh7 Qf3+ 32.Kf1 Rd1+ 33.Be1 Qh1+ 34.Ke2 Qxe1+  0-1

[Event "XIII Open"]
[Site "Balaguer ESP"]
[Date "2008.07.14"]
[Round "1"]
[White "Levin,F"]
[Black "Bedoya Ribo,J"]
[Result "1-0"]
[WhiteElo "2564"]
[BlackElo "2011"]

1.d4 Nf6 2.c4 e6 3.Nc3 d5 4.Nf3 c6 5.e3 Nbd7 6.Qc2 Bd6 7.b3 O-O 8.Be2 a6
9.Bb2 e5 10.cxd5 cxd5 11.dxe5 Nxe5 12.O-O Nxf3+ 13.Bxf3 Be6 14.Ne2 Rc8 15.Qd3 Be7
16.Nd4 Nd7 17.Nxe6 fxe6 18.Bg4 Nc5 19.Qd2 Rc6 20.f3 Bf6 21.Bd4 e5 22.Bxc5 Rxc5
23.Be6+ Kh8 24.b4 Rb5 25.a4 Rb6 26.Bxd5 e4 27.Rab1 exf3 28.Rxf3 Qd6 29.e4 Rc8
30.g3 h6 31.Kg2 Rbc6 32.Rf2 R6c7 33.b5 Qa3 34.b6 Re7 35.Rxf6 gxf6 36.Qxh6+ Rh7
37.Qxf6+ Rg7 38.Rf1 Qe7 39.Qb2 Kh7 40.Rf5 Rf8 41.Rh5+ Kg6 42.Qe2 Qd7 43.Re5 Re7
44.Qh5+  1-0

[Event "FSGM July"]
[Site "Budapest HUN"]
[Date "2008.07.14"]
[Round "10"]
[White "Prohaszka,P2"]
[Black "Duong The Anh"]
[Result "1-0"]
[WhiteElo "2509"]
[BlackElo "2445"]

1.d4 d5 2.c4 c6 3.Nc3 Nf6 4.Nf3 e6 5.e3 Nbd7 6.Qc2 Bd6 7.e4 Nxe4 8.Nxe4 dxe4
9.Qxe4 Nf6 10.Qh4 Bb4+ 11.Bd2 Qb6 12.O-O-O Bxd2+ 13.Rxd2 Qa5 14.a3 O-O 15.g4 Ne4
16.Bd3 f5 17.Bxe4 fxe4 18.Ne5 c5 19.g5 b5 20.Qxe4 Ba6 21.Rd3 Rae8 22.Rh3 Rf5
23.Qh4  1-0

[Event "8th Open"]
[Site "Saint-Chely d'Aubrac FRA"]
[Date "2008.07.14"]
[Round "3"]
[White "Saucey,M"]
[Black "Duffau,P"]
[Result "1-0"]
[WhiteElo "2348"]
[BlackElo "2019"]

1.d4 d5 2.c4 e6 3.Nc3 Nf6 4.Nf3 c6 5.e3 Nbd7 6.Bd3 dxc4 7.Bxc4 b5 8.Bd3 Bb7
9.e4 b4 10.Na4 c5 11.e5 Nd5 12.O-O cxd4 13.Re1 Be7 14.Nxd4 O-O 15.Qg4 Re8
16.Nxe6 fxe6 17.Qxe6+ Kh8 18.Bb5 Bc5 19.Qxe8+ Qxe8 20.Nxc5 Qg6 21.Nxb7 Nf8
22.Nd6 Ne6 23.Bc6  1-0

[Event "17th ch-MKD"]
[Site "Struga MKD"]
[Date "2008.07.14"]
[Round "1"]
[White "Vasovski,N"]
[Black "Temkov,B"]
[Result "1-0"]
[WhiteElo "2325"]
[BlackElo "2014"]

1.d4 d5 2.Nf3 c6 3.e3 Nf6 4.c4 e6 5.Nc3 Nbd7 6.Qc2 dxc4 7.Bxc4 b5 8.Bd3 Bb7
9.O-O Rc8 10.Rd1 b4 11.Ne4 Nd5 12.Nc5 Bxc5 13.dxc5 Qa5 14.e4 N5f6 15.Be3 Ng4
16.Rac1 Nxe3 17.fxe3 Qc7 18.Qc4 a5 19.Be2 O-O 20.Rd6 Ba6 21.Qxa6 Nxc5 22.Rxc5 Qxd6
23.Qc4 Rfd8 24.e5 Qc7 25.Nd4 Qb6 26.Bf3 h6 27.b3 Kh7 28.h4 g6 29.h5 gxh5
30.Rxc6 Rxc6 31.Qxc6 Qxc6 32.Bxc6 Kg6 33.Kf2 Kg5 34.Kf3 h4 35.Be4 h5 36.Ke2 Kg4
37.Nc6 Rd7 38.Nd4 Rc7 39.Bc6 Kg3 40.Kf1 h3 41.gxh3 Kxh3 42.Kf2 Kg4 43.Bf3+ Kg5
44.Nc6 Rd7 45.Nxa5 Ra7 46.Nc4 Rxa2+ 47.Kg3 Rc2 48.Nd6 h4+ 49.Kh3 Rc7 50.Bg4 f5
51.exf6 Kxf6  1-0

[Event "17th ch-MKD"]
[Site "Struga MKD"]
[Date "2008.07.15"]
[Round "2"]
[White "Bogdanovski,V"]
[Black "Organdziev,O"]
[Result "1-0"]
[WhiteElo "2388"]
[BlackElo "2274"]

1.Nf3 d5 2.c4 c6 3.e3 Nf6 4.Nc3 e6 5.d4 Nbd7 6.Bd3 Bb4 7.O-O O-O 8.a3 Bxc3
9.bxc3 Re8 10.cxd5 exd5 11.Qc2 h6 12.c4 Nb6 13.Ne5 dxc4 14.Nxc4 Nxc4 15.Bxc4 Qc7
16.f3 Be6 17.e4 Bxc4 18.Qxc4 Rad8 19.Rb1 Rd7 20.Rd1 Qa5 21.a4 Qc7 22.Be3 Red8
23.Rdc1 Qa5 24.Rb4 Re8 25.Bf2 Qg5 26.Rc2 Qg6 27.Qb3 Ree7 28.Bh4 Qh5 29.Bxf6 gxf6
30.Rc5 Qg6 31.a5 a6 32.Qb2 h5 33.Qc1 Re8 34.Rf5 Red8 35.Qc3 Rd5 36.Rxd5 cxd5
37.Qc7 Rf8 38.exd5 Qd3 39.h3 Re8 40.Kh2 h4 41.Rxb7  1-0

[Event "19th Czech Open Synthesia Rapid"]
[Site "Pardubice CZE"]
[Date "2008.07.16"]
[Round "2"]
[White "Beinoras,M"]
[Black "Navara,D"]
[Result "0-1"]
[WhiteElo "2426"]
[BlackElo "2646"]

1.d4 d5 2.c4 e6 3.Nf3 Nf6 4.Nc3 c6 5.e3 a6 6.Bd2 Nbd7 7.Bd3 dxc4 8.Bxc4 c5
9.a4 cxd4 10.exd4 Bb4 11.O-O O-O 12.Qe2 Nb6 13.Bd3 Nbd5 14.Nxd5 Nxd5 15.Bxb4 Nxb4
16.Be4 a5 17.Rac1 Bd7 18.Rc5 Bc6 19.Bxc6 Nxc6 20.Qe4 Qf6 21.Ne5 Rfd8 22.Nxc6 bxc6
23.Qxc6 Qxd4 24.b3 g6 25.Rb5 Rac8 26.Qb6 Qxb6 27.Rxb6 Rc5 28.b4 Rc4 29.bxa5 Rxa4
30.a6 Ra8 31.g3 g5 32.Rc1 R4xa6 33.Rb5 Ra5 34.Rbb1 h5 35.Kg2 Rf5 36.Rb2 Ra4
37.h3 Kg7 38.Rc3 Kg6 39.Re3 Rc5 40.Re1 h4 41.Re3 hxg3 42.Rxg3 Kf6 43.Rg4 Rcc4
44.Rg3 Rf4 45.Re2 e5 46.Rge3 Ra5 47.Rb3 Kf5 48.Rc2 f6 49.Rb6 Ra3 50.Rb8 Rh4
51.f3 Rha4 52.Rbb2 Kf4 53.Rf2 Rd3 54.Rbe2 Rd1 55.Ra2 Rxa2 56.Rxa2 Rd3 57.Ra4+ Rd4
58.Ra2 f5 59.Rf2 Rd3  0-1

[Event "Heart of Finland"]
[Site "Jyvaskyla FIN"]
[Date "2008.07.17"]
[Round "8"]
[White "Nyback,T"]
[Black "Alho,S"]
[Result "1-0"]
[WhiteElo "2639"]
[BlackElo "2141"]

1.Nf3 Nf6 2.c4 e6 3.d4 d5 4.Nc3 c6 5.e3 Be7 6.Bd3 O-O 7.O-O b6 8.e4 dxe4
9.Nxe4 Nbd7 10.Bf4 Nxe4 11.Bxe4 Bb7 12.Qe2 Nf6 13.Bc2 c5 14.Rad1 Bxf3 15.Qxf3 cxd4
16.Be5 Qc8 17.Rxd4 Qc5 18.Re1 Rad8 19.Rh4 h6 20.Bc3 Qg5 21.Rf4  1-0

[Event "19th Czech Open Synthesia Rapid"]
[Site "Pardubice CZE"]
[Date "2008.07.17"]
[Round "7"]
[White "Ibrayev,N"]
[Black "Potkin,V"]
[Result "0-1"]
[WhiteElo "2518"]
[BlackElo "2629"]

1.d4 d5 2.c4 c6 3.Nf3 Nf6 4.Nc3 e6 5.e3 Nbd7 6.Bd3 dxc4 7.Bxc4 b5 8.Be2 Bb7
9.e4 b4 10.e5 bxc3 11.exf6 Nxf6 12.bxc3 Bd6 13.Rb1 Qc7 14.c4 c5 15.dxc5 Bxc5
16.Bf4 Qxf4 17.Qa4+ Kf8 18.Rxb7 g6 19.O-O Qf5 20.g3 Kg7 21.Kg2 Rhd8 22.Nh4 Qe5
23.Qc2 Rab8 24.Nf3 Qe4 25.Qxe4 Nxe4 26.Rxb8 Rxb8 27.Bd3 Nc3 28.Ne5 Bd6 29.Nc6 Rb2
30.Nxa7 Rd2 31.Bb1 Bc5 32.Nb5 Nxb1 33.Rxb1 Rxf2+ 34.Kh3 Rxa2 35.Rc1 f5 36.Nc3 Rd2
37.Na4 Bd4 38.c5 g5 39.g4 Be5  0-1

[Event "Aegean Open"]
[Site "Aghios Kirykos GRE"]
[Date "2008.07.18"]
[Round "7"]
[White "Raeva,E"]
[Black "Brinck Claussen,B"]
[Result "1/2-1/2"]
[WhiteElo "2307"]
[BlackElo "2296"]

1.d4 d5 2.c4 c6 3.Nc3 Nf6 4.Nf3 e6 5.e3 Nbd7 6.Bd3 dxc4 7.Bxc4 b5 8.Bd3 a6
9.O-O c5 10.Qe2 Bb7 11.Rd1 Qc7 12.h3 Bd6 13.a3 O-O 14.e4 cxd4 15.Nxd4 Bh2+
16.Kh1 Be5 17.Be3 Nc5 18.Rac1 Qe7 19.Nc6 Bxc6 20.Bxc5 Qxc5 21.Nd5 Qa7 22.Nxf6+ Bxf6
23.Rxc6 Bd4 24.f4 Rfc8 25.Rdc1 Qd7 26.R6c2 g6 27.b3 Rxc2 28.Qxc2 Be3 29.Rf1 Rc8
30.Qe2 Rc3 31.Qxe3 Qxd3 32.Qxd3 Rxd3 33.Rf3 Rd1+ 34.Kh2 a5 35.Rc3 Ra1  1/2-1/2

[Event "19th Czech Chladek & Tintera A Open"]
[Site "Pardubice CZE"]
[Date "2008.07.18"]
[Round "1"]
[White "Neuman,P"]
[Black "Faerman,I"]
[Result "1-0"]
[WhiteElo "2444"]
[BlackElo "2245"]

1.c4 e6 2.Nc3 d5 3.d4 c6 4.e3 Nf6 5.Nf3 Nbd7 6.Bd3 Bd6 7.e4 dxe4 8.Nxe4 Nxe4
9.Bxe4 Nf6 10.Bc2 b6 11.O-O Bb7 12.Bg5 Be7 13.Re1 O-O 14.Qd3 g6 15.Rad1 Re8
16.Ne5 Nd7 17.Bf4 Nxe5 18.Bxe5 Qd7 19.Qg3 Rad8 20.h4 Bd6 21.Qg5 Be7 22.Qe3 f6
23.Bg3 Bb4 24.Re2 Bf8 25.Qc3 c5 26.d5 exd5 27.Rxe8 Rxe8 28.cxd5 Bg7 29.Qc4 b5
30.Qf4 Re5 31.Be4 Bxd5 32.Qf3 Bxe4 33.Rxd7 Bxf3 34.Bxe5 Bg4 35.Rd8+ Kf7 36.Bd6 c4
37.Bb4 Be6 38.Ra8 f5 39.Rxa7+ Kg8 40.Bc3 Bf8 41.Rb7  1-0

[Event "Battle of Senta Open A"]
[Site "Senta SRB"]
[Date "2008.07.18"]
[Round "1"]
[White "Sutorikhin,V"]
[Black "Elez,S"]
[Result "1-0"]
[WhiteElo "2354"]
[BlackElo "2148"]

1.d4 d5 2.c4 c6 3.Nc3 Nf6 4.e3 e6 5.Nf3 Nbd7 6.Qc2 Bd6 7.Bd3 O-O 8.O-O dxc4
9.Bxc4 e5 10.h3 Qe7 11.Bb3 h6 12.Nh4 Re8 13.Nf5 Qf8 14.Nxd6 Qxd6 15.dxe5 Nxe5
16.f4 Ned7 17.Re1 Nc5 18.e4 Nxb3 19.axb3 Nd5 20.Nxd5 cxd5 21.e5 Qe6 22.Be3 a6
23.Qd3 Bd7 24.Rac1 Bc6 25.Bd4 Qg6 26.f5 Qh5 27.g4 Qh4 28.Bf2 Qg5 29.Qg3 Qd8
30.Bd4 Qc7 31.g5 h5 32.Qf3 g6 33.Re3 Bd7 34.e6 fxe6 35.fxg6  1-0

[Event "2nd IRT 54th Aniv Martelli"]
[Site "Villa Martelli ARG"]
[Date "2008.07.18"]
[Round "2"]
[White "Guerrero,Alv"]
[Black "Espinoza Palomino,W"]
[Result "0-1"]
[WhiteElo "2154"]
[BlackElo "2130"]

1.d4 d5 2.c4 c6 3.Nc3 Nf6 4.Nf3 e6 5.e3 Nbd7 6.Bd3 dxc4 7.Bxc4 b5 8.Bd3 a6
9.a4 b4 10.Ne2 c5 11.O-O Bb7 12.Ng3 cxd4 13.exd4 Bd6 14.Qe2 O-O 15.Bg5 h6
16.Bd2 Qa5 17.Rfe1 Rfd8 18.Bc2 Rac8 19.Bb3 Bd5 20.Bxd5 Nxd5 21.Ne5 Bxe5 22.dxe5 Rc2
23.Qd3 Rxb2 24.Bc1 Nc5 25.Qc4 Rb3 26.Ne4 Rc3 27.Nxc3 Nxc3 28.Be3 Nd3 29.Rf1 Nxe5
30.Qb3 Nc6 31.Qc4 Ne5 32.Qb3 Nc6 33.Qc4 Ne5 34.Qh4 Rb8 35.Kh1 Qd5 36.Qd4 Nc6
37.Qg4 Kh8 38.f4 b3 39.f5 exf5 40.Rxf5 b2 41.Rb1 Qd3 42.Rxb2 Rxb2 43.Rxf7 Qd1+
44.Qxd1 Nxd1 45.Bg1 Rb1 46.h3 Rc1 47.Rc7 Ne3 48.Kh2 Nf1+ 49.Kh1 Rc2 50.Rf7 Ng3+
51.Kh2 Ne2 52.Bb6 Kg8 53.Rc7 Nf4 54.Kg3 Nd5 55.Rc8+ Kf7 56.a5 Rc3+ 57.Kh2 Nce7
58.Ra8 Nb4 59.Ra7 Rc4 60.Bc7 Kf6 61.Bd8 Re4 62.Rb7 Nc6 63.Rb6 Re6 64.Bc7 Nd5
65.Rb7 Nxc7 66.Rxc7 Nxa5 67.Ra7 g6 68.Kg3 Ke5 69.Rd7 Nc4 70.Kf3 a5 71.Ra7 Kd4
72.Rd7+ Kc3 73.Ra7 Kb3 74.Rb7+ Nb6 75.h4 a4 76.g4 a3 77.Ra7 a2 78.Ra6 Kb2
79.g5 hxg5  0-1

[Event "XIII Open"]
[Site "Balaguer ESP"]
[Date "2008.07.19"]
[Round "6"]
[White "Bhat,V"]
[Black "Bruzon Batista,L"]
[Result "1/2-1/2"]
[WhiteElo "2483"]
[BlackElo "2592"]

1.d4 d5 2.c4 c6 3.Nc3 Nf6 4.e3 e6 5.Nf3 Nbd7 6.Bd3 dxc4 7.Bxc4 b5 8.Bd3 Bd6
9.O-O O-O 10.a3 Bb7 11.h3 a5 12.Qc2 Rc8 13.e4 b4 14.axb4 axb4 15.Na4 c5 16.dxc5 Nxc5
17.Nxc5 Bxc5 18.e5 Nh5 19.Rd1 g6 20.Bh6 Bxf3 21.gxf3 Qh4 22.Bxf8 Qg3+ 23.Kf1 Qxh3+
24.Ke1 Kxf8 25.Ba6 b3 26.Qd2 Ng3 27.Qf4 Bxf2+ 28.Kxf2 Qh2+ 29.Ke3 Nf5+ 30.Qxf5 gxf5
31.Bxc8 Qxe5+ 32.Kd3 Qd5+ 33.Kc3 Qc5+ 34.Kxb3 Qxc8 35.Rd3 h5 36.Ra4 Kg7 37.Rc4 Qb8+
38.Ka2 Qb5 39.Rdc3 Qd5 40.Ka3 Qa5+ 41.Ra4 Qb6 42.Rac4 Qa7+ 43.Ra4 Qf2 44.b4 h4
45.Kb3 Qf1 46.Ra2 f4 47.Ka4 Qe1 48.Rb3 Qg1 49.Kb5 e5 50.Ka6 Qd1 51.Rbb2 Qxf3
52.b5 Qd3 53.Rd2 Qc4 54.Rdc2 Qd3 55.Rd2 Qc4 56.Rdc2  1/2-1/2

[Event "ZMD Open"]
[Site "Dresden GER"]
[Date "2008.07.19"]
[Round "1"]
[White "Bluebaum,J"]
[Black "Savchenko,S"]
[Result "0-1"]
[WhiteElo "1905"]
[BlackElo "2557"]

1.d4 d5 2.c4 e6 3.Nc3 c6 4.e3 Nf6 5.Nf3 Nbd7 6.Bd3 dxc4 7.Bxc4 b5 8.Bd3 Bb7
9.O-O a6 10.e4 c5 11.d5 Qc7 12.Bc2 O-O-O 13.dxe6 Ne5 14.Qe2 Nxf3+ 15.Qxf3 fxe6
16.Qh3 Kb8 17.Bg5 Bd6 18.f3 h6 19.Be3 Be5 20.Rad1 Bd4 21.Rfe1 e5 22.Bb3 c4
23.Bc2 Qc5 24.f4 Bxe3+ 25.Qxe3 Qxe3+ 26.Rxe3 Rxd1+ 27.Bxd1 exf4 28.Re1 Re8
29.e5 Nd5 30.Bh5 Re7 31.Nxd5 Bxd5 32.a3 Kc7 33.Kf2 Kc6 34.Bf3 Kc5 35.g3 fxg3+
36.Kxg3 Bxf3 37.Kxf3 Kd5 38.Kf4 Rf7+ 39.Kg3 Ke6  0-1

[Event "Volga Cup IM"]
[Site "Kostroma RUS"]
[Date "2008.07.19"]
[Round "10"]
[White "Simonov,Vl"]
[Black "Shchur,V"]
[Result "1-0"]
[WhiteElo "2301"]
[BlackElo "2200"]

1.d4 d5 2.c4 c6 3.Nc3 Nf6 4.Nf3 e6 5.e3 Nbd7 6.Qc2 Bd6 7.e4 dxe4 8.Nxe4 Nxe4
9.Qxe4 Nf6 10.Qh4 Bb4+ 11.Bd2 Bxd2+ 12.Nxd2 Qa5 13.Bd3 e5 14.Qg3 O-O 15.dxe5 Ng4
16.f4 Rd8 17.O-O-O Qxa2 18.Bb1 Qa4 19.Qh4 Be6 20.f5 Rxd2 21.Rxd2 Qxc4+ 22.Bc2 Bd5
23.f6 h6 24.Qg3 Be6 25.h3 a5 26.hxg4 Qa2 27.Qd3  1-0

[Event "Kings Gambit A"]
[Site "Lipetsk RUS"]
[Date "2008.07.19"]
[Round "11"]
[White "Romanko,M"]
[Black "Papin,V"]
[Result "1-0"]
[WhiteElo "2374"]
[BlackElo "2479"]

1.d4 d5 2.c4 e6 3.Nf3 Nf6 4.Nc3 c6 5.e3 Nbd7 6.Qc2 Bd6 7.g4 dxc4 8.Bxc4 e5
9.g5 Nd5 10.Bd2 O-O 11.Ne4 Bc7 12.h4 exd4 13.Nxd4 Ba5 14.Bxd5 cxd5 15.Bxa5 Qxa5+
16.Nc3 Ne5 17.O-O-O Bg4 18.Rd2 Rac8 19.Nb3 Qa6 20.Rg1 Bf3 21.Nd4 b5 22.Qb3 b4
23.Qxb4 Qxa2 24.Nc2 Qa6 25.Qb5 Qg6 26.Nxd5 Bxd5 27.Qxd5 Nc4 28.Rd3 Qb6 29.Qd4 Qa5
30.Rgd1 Qa2 31.h5 Rc5 32.b3 Qa5 33.b4 Na3 34.Qxc5  1-0

[Event "Canadian Open"]
[Site "Montreal CAN"]
[Date "2008.07.19"]
[Round "1"]
[White "Mulyar,M"]
[Black "Lachaux,J"]
[Result "1-0"]
[WhiteElo "2382"]
[BlackElo "2075"]

1.c4 c6 2.d4 d5 3.e3 e6 4.Nc3 Nf6 5.Nf3 Bd6 6.Bd3 Nbd7 7.O-O O-O 8.e4 dxc4
9.Bxc4 e5 10.Bg5 Qe7 11.Bb3 Nb6 12.dxe5 Bxe5 13.Nxe5 Qxe5 14.f4 Qc5+ 15.Kh1 Ng4
16.Qf3 h6 17.Bh4 Qh5 18.Bg3 Nf6 19.f5 Bd7 20.Qxh5 Nxh5 21.Bd6  1-0

[Event "19th Czech Chladek & Tintera A Open"]
[Site "Pardubice CZE"]
[Date "2008.07.19"]
[Round "2"]
[White "Zakhartsov,Vi"]
[Black "Van Kampen,R"]
[Result "1-0"]
[WhiteElo "2556"]
[BlackElo "2294"]

1.d4 d5 2.c4 c6 3.Nc3 Nf6 4.e3 e6 5.Nf3 Nbd7 6.Bd3 dxc4 7.Bxc4 b5 8.Bd3 Bb7
9.O-O a6 10.e4 c5 11.d5 c4 12.dxe6 fxe6 13.Bc2 Qc7 14.Nd4 Nc5 15.Be3 O-O-O
16.Qe2 e5 17.Nf3 Ne6 18.Rad1 Bc5 19.Nd5 Nxd5 20.exd5 Nf4 21.Bxf4 exf4 22.Bf5+ Kb8
23.Be6 Rhe8 24.Qc2 h6 25.Qg6 Re7 26.h3 Qb6 27.Qc2 Rc7 28.Rfe1 Be7 29.Ne5 Bd6
30.Qf5 Rf8 31.Qh5 Rd8 32.Re4 Bxe5 33.Qxe5 Qd6 34.Qxf4 Qxf4 35.Rxf4 Rd6 36.Rf8+ Ka7
37.f4 b4 38.Kf2 c3 39.bxc3 bxc3 40.Rf7 c2 41.Rc1 Rc5 42.Rxg7 Kb6 43.Re7 Rc4
44.g3 Bxd5 45.Bf5 Bc6 46.Rxc2 Ra4 47.Re6 Rxe6 48.Bxe6 Ra3 49.Bb3 a5 50.Rd2 Kc5
51.Rd3 a4 52.Bc4 Rxd3 53.Bxd3 Kd4 54.Bg6 a3 55.Bf7 Ke4 56.Be6 Bb5 57.f5 Ke5
58.g4 Bc6 59.Kg3 Bb5 60.Bb3 Bc6 61.Kh4 Bg2 62.Kg3 Bc6 63.Bc2 Bd5  1-0

[Event "8th Open"]
[Site "Saint-Chely d'Aubrac FRA"]
[Date "2008.07.19"]
[Round "9"]
[White "Mayet,L"]
[Black "Guillaumat,JP"]
[Result "1/2-1/2"]
[WhiteElo "1695"]
[BlackElo "1969"]

1.d4 d5 2.c4 c6 3.Nf3 Nf6 4.Nc3 e6 5.e3 Bd6 6.Qc2 O-O 7.Bd3 Nbd7 8.O-O e5
9.cxd5 cxd5 10.e4 dxe4 11.Nxe4 Nxe4 12.Bxe4 h6 13.Be3 Qe7 14.Rfe1 Re8 15.dxe5 Nxe5
16.h3 Nxf3+ 17.Bxf3 Be6 18.Bd4 Rac8 19.Bc3 b5 20.Qd2 Red8 21.Qe2 Qg5 22.Bg4 Bxg4
23.Qxg4 Qxg4 24.hxg4 b4 25.Bd4 Bh2+ 26.Kxh2 Rxd4 27.f3 Rc2 28.Re8+ Kh7 29.Re7 Rdd2
30.Rxf7 Rxg2+ 31.Kh3 a5 32.Ra7 Rxb2 33.Rxa5 Rge2 34.a4 Re3 35.Rf5 Ra3 36.Rd1 Rxa4
37.Rd7 Ra8 38.Rff7 Rg8 39.f4 b3 40.Rb7 Rb1 41.f5 b2 42.Kg2  1/2-1/2

[Event "31st Taminco Open"]
[Site "Ghent BEL"]
[Date "2008.07.20"]
[Round "4"]
[White "Sumets,A"]
[Black "Kuipers,E"]
[Result "1-0"]
[WhiteElo "2534"]
[BlackElo "2292"]

1.d4 d5 2.c4 c6 3.Nf3 Nf6 4.Nc3 e6 5.e3 Nbd7 6.Qc2 b6 7.cxd5 exd5 8.Bd3 Bb7
9.O-O Be7 10.Bd2 O-O 11.Ne5 g6 12.f4 Nxe5 13.fxe5 Ne8 14.Kh1 c5 15.Rad1 Ng7
16.Bc1 Qc7 17.e4 dxe4 18.Nxe4 Rac8 19.Nf6+ Bxf6 20.exf6 Ne6 21.dxc5 Qxc5
22.Qe2 Rfe8 23.Qg4 Red8 24.Bc4 Rxd1 25.Rxd1 Qe5 26.Rf1 Bd5 27.Bxd5 Qxd5 28.Qa4 Rc5
29.h3 a5 30.Rd1 Qc6 31.Qxc6 Rxc6 32.Bh6 Rc8 33.Rd6 Rb8 34.g4 b5 35.Kg2 a4
36.Rc6 b4 37.Rc4 b3 38.a3 Ra8 39.h4 g5  1-0

[Event "Politiken Cup"]
[Site "Helsingor DEN"]
[Date "2008.07.20"]
[Round "2"]
[White "Hansen,An"]
[Black "Rasmussen,M2"]
[Result "0-1"]
[WhiteElo "2017"]
[BlackElo "1996"]

1.d4 d5 2.c4 c6 3.Nc3 Nf6 4.Nf3 e6 5.e3 Nbd7 6.Qc2 Bd6 7.g4 h6 8.Bd2 Qe7
9.h3 a6 10.O-O-O dxc4 11.e4 e5 12.Bxc4 b5 13.Bb3 Bb7 14.g5 hxg5 15.Nxg5 exd4
16.Bxf7+ Kd8 17.Ne2 c5 18.f3 Ne5 19.Ba5+ Kc8 20.Be6+ Kb8 21.f4 d3 22.Qd2 Nxe4
23.Nxe4 Bxe4 24.fxe5 Bxe5 25.Nf4 Bxh1 26.Rxh1 g5 27.Ng6 Qxe6 28.Qxg5 Re8
29.Nf4 Qc4+ 30.Bc3 Bxf4+  0-1

[Event "Politiken Cup"]
[Site "Helsingor DEN"]
[Date "2008.07.20"]
[Round "2"]
[White "Tallaksen,L"]
[Black "Vul,A"]
[Result "0-1"]
[WhiteElo "2045"]
[BlackElo "2332"]

1.d4 d5 2.c4 e6 3.Nf3 Nf6 4.e3 c6 5.Nc3 Nbd7 6.Be2 Bd6 7.O-O O-O 8.b3 dxc4
9.Bxc4 e5 10.dxe5 Nxe5 11.Nxe5 Bxe5 12.Bb2 Qe7 13.Qc2 Re8 14.Ne2 Bxh2+ 15.Kh1 Bc7
16.g3 Qe4+ 17.Qxe4 Nxe4 18.Rad1 Bh3 19.Kg1 Bxf1 20.Rd7 Nd6 21.Kxf1 Nxc4 22.bxc4 Rac8
23.Ba3 Red8 24.Re7 Rd1+ 25.Kg2 Rd2 26.Nd4 Rxa2 27.Bb4 Ra4 28.Bc3 Rxc4 29.Bb2 Rxd4
30.exd4 b5 31.Rd7 Bb6 32.d5 cxd5 33.Rxd5 f6 34.Rd2 Kf7 35.Ba3 Kg6 36.Rb2 a6
37.Rd2 Rc6 38.Kf1 a5 39.Bb2 b4 40.Ke2 a4 41.Kd1 a3 42.Bc1 Bc5 43.Rd3 Bxf2
44.Rb3 a2 45.Bb2 Bc5 46.Rf3 Rd6+ 47.Kc2 Bd4 48.Rf1 Bxb2 49.Kxb2 Rd2+ 50.Kb3 Rd3+
51.Kxa2 Rxg3  0-1

[Event "ch-AUT"]
[Site "Leoben AUT"]
[Date "2008.07.20"]
[Round "2"]
[White "Wiedermann,D"]
[Black "Kreisl,R"]
[Result "1/2-1/2"]
[WhiteElo "2156"]
[BlackElo "2337"]

1.d4 d5 2.c4 c6 3.Nf3 Nf6 4.Nc3 e6 5.e3 Nbd7 6.Qc2 Bd6 7.Be2 O-O 8.b3 b6
9.Bb2 Bb7 10.O-O Qe7 11.e4 dxe4 12.Nxe4 Nxe4 13.Qxe4 f5 14.Qh4 Qxh4 15.Nxh4 c5
16.Rad1 Rad8 17.Nf3 Rfe8 18.Ne5 cxd4 19.Nxd7 Rxd7 20.c5 bxc5 21.Bb5 Ree7
22.Bxd7 Rxd7 23.b4 e5 24.f4 e4 25.Rc1 d3 26.bxc5 d2 27.cxd6 dxc1=Q 28.Bxc1 Rxd6
29.Be3 Ra6 30.Rb1 Bc6 31.Rc1 Kf7 32.Rc5 g6 33.a4 Bxa4 34.Rc7+ Ke6 35.Rxa7 Rxa7
36.Bxa7 g5 37.Be3 gxf4 38.Bxf4 Kd5 39.Kf2 Bb5 40.Ke3  1/2-1/2

[Event "Canadian Open"]
[Site "Montreal CAN"]
[Date "2008.07.20"]
[Round "2"]
[White "Moiseenko,A1"]
[Black "Arun Prasad,S"]
[Result "1/2-1/2"]
[WhiteElo "2632"]
[BlackElo "2492"]

1.d4 d5 2.c4 c6 3.Nc3 Nf6 4.Nf3 e6 5.e3 Nbd7 6.Bd3 dxc4 7.Bxc4 b5 8.Bd3 Bd6
9.O-O O-O 10.b3 Bb7 11.Bb2 a6 12.a4 b4 13.Ne4 Nxe4 14.Bxe4 Nf6 15.Bd3 c5
16.dxc5 Bxc5 17.Rc1 Rc8 18.Qe2 a5 19.Rfd1 Qe7 20.Ne5 Bd5 21.Nc4 Bxc4 22.Rxc4 Bb6
23.Bxf6 Qxf6 24.Bxh7+ Kh8 25.Bd3 Rxc4 26.Bxc4 Rd8 27.g3 Rxd1+ 28.Qxd1 Qd8
29.Qf3 Kg8 30.h4 Bc7 31.Qe4 Qd6 32.Kg2 Bd8 33.h5 Bf6 34.Kh3 Bd8 35.Qa8 Kf8
36.Qe4 Kg8 37.g4 Bc7 38.Kg2 Kf8 39.Qf3 Qe5 40.Qb7 Ke7 41.Kf1 Qa1+ 42.Ke2 Qb2+
43.Kf3 Qe5 44.Qc8 f5 45.Bd3 fxg4+ 46.Kxg4 Qh2 47.Qb7 Qg1+  1/2-1/2

[Event "83rd ch-ARG s/f"]
[Site "Buenos Aires ARG"]
[Date "2008.07.21"]
[Round "1"]
[White "Fulgenzi,E"]
[Black "Pereyra,H"]
[Result "1/2-1/2"]
[WhiteElo "2358"]
[BlackElo "2001"]

1.Nf3 d5 2.c4 e6 3.d4 Nf6 4.Nc3 c6 5.e3 Bd6 6.Bd3 O-O 7.O-O Nbd7 8.e4 dxe4
9.Nxe4 Nxe4 10.Bxe4 h6 11.Bc2 e5 12.Re1 exd4 13.Nxd4 Ne5 14.h3 f5 15.Nf3 Qf6
16.Nxe5 Bxe5 17.Rb1 Bd4  1/2-1/2

[Event "Politiken Cup"]
[Site "Helsingor DEN"]
[Date "2008.07.21"]
[Round "4"]
[White "Moestrup,J"]
[Black "Vul,A"]
[Result "0-1"]
[WhiteElo "2129"]
[BlackElo "2332"]

1.Nf3 d5 2.d4 Nf6 3.c4 e6 4.Nc3 c6 5.e3 Nbd7 6.Bd3 dxc4 7.Bxc4 b5 8.Bd3 a6
9.O-O c5 10.Re1 Bb7 11.a3 Be7 12.Bc2 O-O 13.Qe2 Qb6 14.dxc5 Bxc5 15.h3 Rac8
16.Bd2 e5 17.e4 Nh5 18.Nh4 g6 19.Bh6 Rfe8 20.Bb3 Bd4 21.Nd5 Bxd5 22.Bxd5 Ndf6
23.g4 Nf4 24.Bxf4 exf4 25.Qd2 Nxd5 26.exd5 Qf6 27.Rxe8+ Rxe8 28.Rb1 Qxh4
29.Qxd4 Qxh3 30.Qxf4 Qd3 31.Rc1 Qxd5 32.Qf6 Qe5 33.Qxa6 Qf4 34.Qc6 Qxg4+
35.Kf1 Qe2+ 36.Kg2 Qg4+ 37.Kf1 Qe2+ 38.Kg1 Re5 39.Qc8+ Kg7 40.Qc3 Kh6 41.Qh3+ Rh5
42.Qe3+ Rg5+ 43.Kh2 Qg4  0-1

[Event "Politiken Cup"]
[Site "Helsingor DEN"]
[Date "2008.07.21"]
[Round "4"]
[White "Tallaksen,L"]
[Black "Pavlovskaia,E"]
[Result "1-0"]
[WhiteElo "2045"]
[BlackElo "2210"]

1.d4 d5 2.c4 e6 3.Nf3 Nf6 4.e3 c6 5.Nc3 Bd6 6.Be2 O-O 7.O-O Nbd7 8.Qc2 Qe7
9.Rd1 dxc4 10.Bxc4 e5 11.dxe5 Nxe5 12.Be2 Nxf3+ 13.Bxf3 Qe5 14.g3 Bg4 15.Bxg4 Nxg4
16.h3 Nf6 17.e4 Nh5 18.f4 Qe6 19.e5 Bc5+ 20.Kg2 g5 21.Qe2 Ng7 22.fxg5 Rad8
23.Bf4 Kh8 24.Ne4 Be7 25.g4 Qg6 26.h4 Ne6 27.Bg3 Nd4 28.Qd3 Qe6 29.Nd6 c5
30.Kh3 Bxd6 31.exd6 h5 32.Kh2 Qxg4 33.Rf1 Rde8 34.Rf2 Re2 35.Rxe2 Nxe2 36.Re1 Nd4
37.Re4 Nf3+ 38.Kg2 Nxh4+ 39.Kg1 Qf3 40.Qxf3 Nxf3+ 41.Kf2 Nd4 42.Be5+ Kh7
43.Bf6 Ne6 44.d7 Kg6 45.Kg3 b5 46.Kh4 c4 47.Rxe6 fxe6 48.d8=Q Rxd8 49.Bxd8 e5
50.Ba5 e4 51.Bd2 a6 52.a3 a5 53.Bxa5 e3 54.Bb4 e2 55.Bc3  1-0

[Event "ch-AUT"]
[Site "Leoben AUT"]
[Date "2008.07.21"]
[Round "3"]
[White "Schachinger,M"]
[Black "Dietmayer Kraeutler,M"]
[Result "1-0"]
[WhiteElo "2314"]
[BlackElo "2305"]

1.d4 d5 2.c4 e6 3.Nc3 Nf6 4.Nf3 c6 5.e3 Nbd7 6.Bd3 dxc4 7.Bxc4 b5 8.Bd3 Bb7
9.e4 b4 10.Na4 c5 11.e5 Nd5 12.O-O cxd4 13.Re1 a6 14.Nxd4 Nc5 15.Bc2 h6 16.Qg4 Qd7
17.Nxc5 Bxc5 18.Nb3 Bf8 19.Na5 g6 20.Nxb7 Qxb7 21.Ba4+ Kd8 22.Be3 Rc8 23.Rad1 Bg7
24.Bb3 Ke7 25.Qd4 Rhd8 26.Bxh6 Bxh6 27.Qh4+ Bg5 28.Qxg5+ Ke8 29.Ba4+ Kf8
30.Qh6+ Ke7 31.Qg5+ Kf8 32.Re4 Kg7 33.Rh4 Rh8 34.Rxd5 Rxh4 35.Qf6+ Kg8 36.Rd8+ Rxd8
37.Qxd8+ Kg7 38.Qf6+ Kg8 39.Qd8+ Kg7 40.Qxh4 Qc7 41.Qd4 Qc1+ 42.Bd1 a5 43.h4 Qa1
44.Kh2 Qxa2 45.h5 Qa1 46.hxg6 fxg6 47.Qd7+ Kh6 48.Qd2+ Kg7 49.Bb3 a4 50.Qd7+ Kh6
51.Qxa4 Qxb2 52.Qxb4 Qxe5+ 53.g3 Qe2 54.Qf8+ Kh7 55.Qf7+ Kh6 56.Bxe6 Qc2
57.Qf8+  1-0

[Event "19th Czech Chladek & Tintera A Open"]
[Site "Pardubice CZE"]
[Date "2008.07.21"]
[Round "4"]
[White "Kuljasevic,D"]
[Black "Soukup,J"]
[Result "1-0"]
[WhiteElo "2501"]
[BlackElo "2291"]

1.d4 d5 2.c4 c6 3.Nf3 Nf6 4.Nc3 e6 5.e3 Be7 6.Qc2 O-O 7.a3 b6 8.Bd3 h6 9.O-O Bb7
10.Rd1 Nbd7 11.e4 dxe4 12.Nxe4 Qc7 13.Nxf6+ Nxf6 14.Qe2 Rfd8 15.h3 c5 16.dxc5 Qxc5
17.Bf4 Qh5 18.Ne5 Qxe2 19.Bxe2 Rxd1+ 20.Rxd1 Rd8 21.Rxd8+ Bxd8 22.Bf3 Bxf3
23.Nxf3 Ne4 24.b4 a5 25.Nd4 axb4 26.axb4 Be7 27.Nc6 Bd6 28.Be3 Bc7 29.Ne7+ Kf8
30.Nc8 b5 31.cxb5 Ke8 32.b6 Bb8 33.Na7 Kd7 34.b5 Nc3 35.Kf1 f6 36.Ke1 Bd6
37.b7 Bb8 38.Nc6 Kc7 39.Nd4 Kd7 40.Bd2 Nd5 41.Ba5 Ne7 42.Nb3 Bc7 43.Nc5+ Kd6
44.Ke2  1-0